| 000 | 00715nam a2200253Ia 4500 | ||
|---|---|---|---|
| 003 | OSt | ||
| 005 | 20220928124953.0 | ||
| 006 | a|||||r|||| 00| 0 | ||
| 007 | ta | ||
| 008 | 220927b |||||||| |||| 00| 0 eng d | ||
| 024 | _a94406 | ||
| 037 | _cTextual | ||
| 040 |
_aSDCL _cSDCL _beng |
||
| 041 |
_2eng _aeng |
||
| 082 | _aV73:2'N6, L2 | ||
| 100 |
_aBurns James Macgregor _9428492 |
||
| 245 | 0 | _aGovernment by the people | |
| 260 |
_aNew Jersey _bPrentice-Hall _c1972 |
||
| 300 |
_axvi,777p _ccm. |
||
| 700 | _a Cronin Thomas E | ||
| 700 |
_a Peltason J W _9464054 |
||
| 942 |
_hV73:2'N6, L2 _cTEXL _2CC |
||
| 999 |
_c780209 _d780209 |
||